| 000 | 00955nas a2200313 4500 | ||
|---|---|---|---|
| 001 | BR0501765 | ||
| 003 | BR-BrBNA | ||
| 005 | 20231205105234.0 | ||
| 007 | ta | ||
| 008 | 230509b bl.|||p| |||| 00| 00por d | ||
| 040 |
_aBR-BrBNA _bpor _cBiblioteca Nacional de Agricultura |
||
| 041 | _a(Pt) | ||
| 072 | _aH20 | ||
| 100 | 1 | _aSouza, S.M.C. de | |
| 100 | 1 | _aPereira, M.C. | |
| 100 | 1 | _aAngélico, C.L. | |
| 100 | 1 | _aPimenta, C.J. | |
| 245 | 1 | _aAvaliação de óleos essenciais de condimentos sobre o desenvolvimento micelial de fungos associados a produtos de panificação | |
| 650 | _aMICÉLIO | ||
| 650 | _aFUNGO | ||
| 650 | _aCRIAÇÃO MASSAL | ||
| 650 | _aALHO | ||
| 650 | _aCRAVO DA ÍNDIA | ||
| 650 | _aÓLEO ESSENCIAL | ||
| 650 | _aCONDIMENTO | ||
| 773 | 0 |
_tCiência e Agrotecnologia (Brazil) _xISSN 1413-7054 _g(May-Jun 2004), v. 28(3) p. 685-690 _wBR0501765 |
|
| 909 |
_a202311 _bLúcia _c55 _dLúcia Elande |
||
| 942 |
_2AGRIS _n0 _cANA |
||
| 999 |
_c181931 _d181931 |
||